1071 1652 1472 1356 1738 1032 1296 1222 1028 1041 1468 1612 1058 1074 1672 1122 1285 1233 1552 1805 1731 1144 1471 1617 1814 1428 1004 1818 1228 1636 1254 1643 1532 1296 1465 1372 1937 1223 1883 1908 1499 1979 1376 1567 1688 1504 1961 1481 1023 1576 1878 1684 1465 1221 1748 1045 1464 1751 1819 1444 1520 1449 1096 1972 1707 1608 1496 1399 1199 1309 1749 1194 1378 1053 1262 1704 1447 1261 1082 1663 1781 1374 1562 1238 1393 1708 1902 1356 1846 1476 1908 1890 1332 1898 1384 1204 1830 1443 1351 BCNSPRNW ULIB Ver.6.0+V

เปลี่ยนเป็นภาษาไทย

Change to English
 แสดงรายละเอียดบรรณานุกรม
  กลับหน้าหลัก

Brief Record : Get Marc (ISO 2709) : E-mail record : QR code < ปิดหน้าต่าง
LEADER : 00000nam 2200000uu 4500
001    13399126560
003     ULIB
008    020711s2555 th a 000 0 tha d
020    ^a9786167578811
050    ^aนว^bก388จ
100    ^aกันเหงา
245    ^aเจ้าสาวสีเลือด
260    ^aกรุงเทพฯ :^bบริษัท ธราธรพับลิเคชั่น,^c2555
300    ^a334 หน้า;^b21 ซม.
650    ^aนวนิยาย
945    ^p250^l0^i004742
999    ^aประนอม เกษจรัล
รายการนี้ยังไม่มีแท็ก
คุณยังไม่ได้ล็อกอิน คุณสามารถมีกิจกรรมร่วมกับเว็บไซต์ได้ แต่ต้องล็อกอินก่อน ::
  ล็อกอิน

รายการสื่อสารสนเทศ

ลำดับที่ ประเภท เลขเรียก/บาร์โค้ด สถานที่ สถานะ
1. นวนิยาย
นวนิยาย
นว ก388จ ฉ.1 
  Barcode: 004742
ห้องสมุดวิทยาเขตสวรรค์ประชารักษ์
►นวนิยาย
บนชั้น
  ขอยืม

รายการใกล้เคียง
    หัวเรื่อง [นวนิยาย]

BibComment


ยังไม่เคยถูกคอมเมนท์

คอมเมนท์ทรัพยากรรายการนี้
  คอมเมนท์: เจ้าสาวสีเลือด


 Copyright 2026. Bcnsprnw @Library